|
|
|
|
| LEADER |
00898cam a2200229 7i4500 |
| 001 |
0000034741 |
| 005 |
20180815090000.0 |
| 007 |
##ta |
| 008 |
171108 |
| 040 |
# |
# |
|a MATR
|
| 090 |
0 |
0 |
|a ASIA 665.5bOIL
|
| 245 |
0 |
0 |
|a OGA 2017 (The 16th Asian Oil, Gas & Petrochemical Engineering Exhibition) :
|b SHOW DIRECTORY (11 - 13 July 2017 : Kuala Lumpur Convention Centre, Malaysia).
|
| 264 |
# |
1 |
|a Western Australia:
|b Horizon Publication Pty Ltd,
|c 2017.
|
| 300 |
# |
# |
|a 180 pages;
|c 28 cm.
|
| 336 |
# |
# |
|a text
|2 rdacontent
|
| 337 |
# |
# |
|a unmediated
|2 rdamedia
|
| 338 |
# |
# |
|a volume
|2 rdacarrier
|
| 650 |
# |
0 |
|a Petroleum industry --
|x Directories --
|z Asia
|
| 650 |
# |
0 |
|a Gas industry --
|x Directories --
|z Asia
|
| 650 |
# |
0 |
|a Oil and gas industry --
|x Directories --
|z Asia
|
| 999 |
|
|
|a 0000039363
|b Directories
|c Malaysia
|e Business Information Centre
|
| 999 |
|
|
|a 0000039362
|b Directories
|c Malaysia
|e Business Information Centre
|